000 00684nam a2200241Ia 4500
003 OSt
005 20220925232815.0
006 a|||||r|||| 00| 0
007 ta
008 220923b |||||||| |||| 00| 0 eng d
037 _cGeneral Book
040 _aRTL
_cRTL
_beng
041 _2eng
_aeng
082 _aY:7:7, L6
100 _aRothman Jack and others
_9297756
245 0 _aPromoting innovation and change in organinzations
260 _aNew York
_bJohn Wiely
_c1976
300 _aix, 308p.
_ccm.
500 _aAppendix P179-306.
650 _aSocial personality
942 _hY:7:7, L6
_cGB
_2CC
999 _c592161
_d592161